000 02637nab a2200277 a 4500
005 20250318085234.0
008 991125c2017 cr tr p o 000 0 spa d
035 _aUPN01000217579
040 _aUPN
_bspa
_cUPN
_eaacr2
049 _aART-E
100 1 _aGalván Ruiz, Jeanette Leticia
_6- jeanettegalvan91@gmail.com
100 1 _aGarcía Cedillo, Ismael
_932796
245 1 0 _aActitudes de los pares hacia niños y niñas en condición de discapacidad
_h[recurso electrónico en línea]
506 0 _aAcceso abierto
520 3 _aUn factor importante en la integración exitosa de estudiantes con discapacidad a las escuelas regulares se relaciona con la actitud de sus pares sin discapacidad. La presente investigación tuvo como objetivo principal analizar cómo los ambientes escolares integradores influyen en las actitudes de niños y niñas hacia las personas con discapacidad. Se habla de integración y no de inclusión porque, aunque en el discurso oficial México promueve la educación inclusiva, la realidad de las escuelas y de las aulas muestra que se hace integración. La investigación fue descriptiva, de corte cuantitativo, con una muestra de 90 estudiantes de escuelas públicas con y sin apoyo de Educación Especial de nivel preescolar y primaria. Para evaluar la actitud se aplicó un instrumento de elaboración propia: un cuestionario de actitudes hacia las personas con discapacidad de escala tipo Likert de tres opciones y una encuesta para conocer contacto con personas con discapacidad. Los resultados indican que la población estudiantil de escuelas con apoyo de Educación Especial presenta una actitud más favorable hacia las personas con discapacidad. El contacto con personas con discapacidad es un factor que se asocia con diferencias significativas en cuanto a la actitud hacia las mismas, sobre todo cuando es resultado de una relación escolar. Además, se contrastaron variables sociodemográficas para identificar su influencia en dichas actitudes, como el sexo, edad y nivel escolar. Se concluye que la escuela puede constituirse como un elemento muy importante para generar actitudes favorables hacia las personas con discapacidad en sus estudiantes.
650 4 _aIntegración escolar
_9306
650 2 _914026
_aDiscapacidades
653 0 _aActitudes
653 0 _aNiñez
773 _gVol. 17, no. 2 (2017), p. 1-25
_tActualidades investigativas en educación
_x1409-4703
856 4 _uhttps://revistas.ucr.ac.cr/index.php/aie/article/view/28673
856 4 _uhttps://doi.org/10.15517/aie.v17i2.28673
902 _aGloria Jiménez/1024
905 _aArticulo
942 _cART-E
999 _c189679
_d189679